00636nam a2200193Ia 4500008004100000020001500041082001600056100002000072245007500092250000800167260004400175300002900219500001900248600003300267650001200300942000700312952010800319999001500427240925s9999 xx 000 0 und d a081202768X a530.076 GEW aGewirtz, Herman 0aBaron's How to Prepare For The College Board Achievement Tests Physics a4th aNew York:bBarrons Educa Seriesc,1993. axii,540p.bNAfPhotocopy aIncludes Index aHumanities & Natural Science aPhysics cBK 001040708HUMaUITUbUITUd2001-02-04eNAl0o530.076 GEWpQ3681r2024-09-25 07:13:14w2024-09-25yBK c6180d6180